Jukebox all'idrogeno /

Enregistré dans:
Détails bibliographiques
Auteur principal: Ginsberg, Allen (Auteur)
Autres auteurs: Pivano, Fernanda (Éditeur intellectuel)
Format: Livre
Langue:italien
anglais
Publié: Milano : A. Mondadori, 1979
Édition:Nuova ed. riveduta e corretta
Collection:Oscar ; 1015
Oscar. Poesia e teatro ; 13
Tags: Ajouter un tag
Pas de tags, Soyez le premier à ajouter un tag!

MARC

LEADER 00000nam a22000007i 4500
001 IT\ICCU\MOD\0033703
003 ItRI
005 20260115232231.0
008 010330s1979 it |||||| ||||| |||||c
040 |b ita  |c importazione bologna sebina 
041 7 |a ita  |a eng  |2 ISO-639-2 
082 |a 811.5  |9 Poesia americana in lingua inglese. 1900-  |2 20 
100 1 |a Ginsberg, Allen  |0 IT\ICCU\RAVV\027487  |4 aut 
240 1 0 |a Howl and other poems. -  |3 IT\ICCU\RAV\0107414  |9 Ginsberg, Allen 
240 1 0 |a Kaddish and other poems. -  |3 IT\ICCU\RAV\0107415  |9 Ginsberg, Allen 
245 1 0 |a Jukebox all'idrogeno /  |c Allen Ginsberg ; a cura di Fernanda Pivano. 
250 |a Nuova ed. riveduta e corretta 
260 |a Milano :  |b A. Mondadori,  |c 1979 
300 |a 467 p. ;  |c 19 cm 
500 |a Testo orig. a fronte. 
700 1 |a Pivano, Fernanda  |0 IT\ICCU\CFIV\037838  |4 edt 
830 0 |a Oscar ;  |v 1015  |0 IT\ICCU\CFI\0000102 
830 0 |a Oscar. Poesia e teatro ;  |v 13  |0 IT\ICCU\UMC\0978572 
942 |2 ddc  |c BK  |n 0 
952 |0 0  |1 0  |4 0  |6 DOC_811_540000000000000_GIN  |7 0  |9 22547  |a BO  |b BO  |d 2026-01-15  |i 132  |l 0  |o DOC 811.54 GIN  |p BO132  |r 2026-01-15 23:22:31  |w 2026-01-15  |x [Sebina 5] [1 v.]  |y BK  |z 1 v. 
999 |c 19254  |d 19254